000 00724cac a2200229 a 4500
003 Co-PeBPM
005 20250605174127.0
008 231129e1980||||xx |||||||||||||| ||spa||
040 0 _aCo-PeBPM
_bspa
_cCo-PeBPM
_erda
041 _aspa
082 0 4 _a465 C292n
_222
100 1 _aCaro, Miguel Antonio
_eAutor
245 1 0 _aNotas a La Ortología y Métrica De Don Andrés Bello
_c/Miguel Antonio Caro
260 _aBogotá, Colombia
_b:Editorial Instituto Caro y Cuervo
_c,1980
300 _a212 Páginas
_c;23 Centímetros
500 _aIncluye Índice.
650 1 4 _2LEMB
_aCrítica e Interpretación
650 1 4 _2LEMB
_aEspañol
650 1 4 _2LEMB
_aFonética
650 1 4 _2LEMB
_aMétrica y Rítmica
942 _2ddc
_cBK
999 _c21788
_d21788